Panorama de las matemáticas puras: la elección bourbakista
Sábháilte in:
| Príomhchruthaitheoir: | |
|---|---|
| Formáid: | LEABHAR |
| Teanga: | Spáinnis |
| Foilsithe / Cruthaithe: |
Barcelona
Reverté
1987
|
| Ábhair: | |
| Clibeanna: |
Cuir clib leis
Níl clibeanna ann, Bí ar an gcéad duine le clib a chur leis an taifead seo!
|
MARC
| LEADER | 00000nam a2200000 a 4500 | ||
|---|---|---|---|
| 001 | UCW1177 | ||
| 003 | CL-VaPUC | ||
| 008 | 911126e19870000SP |||||||||||||||||spa|d | ||
| 020 | |a 8429150641 | ||
| 082 | 0 | 4 | |a 510 |b DIE |2 21 |
| 100 | 0 | |a Dieudonné, Jean Alexandre |e author |9 305079 | |
| 245 | 1 | 0 | |a Panorama de las matemáticas puras: la elección bourbakista |
| 300 | |a 271 p | ||
| 942 | |c BK | ||
| 945 | |d 19911126 00:00:00 | ||
| 260 | |a Barcelona |b Reverté |c 1987 | ||
| 650 | 0 | |a Matemática |9 260235 | |
| 650 | 0 | |a Modelos matemáticos |9 259437 | |
| 583 | |a last modification |c 20150714 04:41:58 |k Rodrigo Vera | ||
| 999 | |c 216100 |d 216098 | ||
| 952 | |0 0 |1 0 |4 0 |6 510_000000000000000_DIE_1987 |7 0 |8 A |9 201564 |a BIBMAT |b BIBMAT |c E_DIDACT |d 2019-11-14 |i 2688301 |o 510 DIE 1987 |p 2688301 |r 2025-01-07 |w 2019-11-14 |y BK |k MAT | ||